00392 a2200133 4500003000500000005001700005040000900022082001100031245003300042440003300075538002800108999001900136952010300155Nust20170207154229.0 cNust a371.33 aTo Imaging Yourself (VHS-90) aTo Imaging Yourself (VHS-90) aDuration in Minutes-158 c195749d195749 00102ddc40708NFICaMCSbMCSd2016-12-12l0o371.33 YOUpMCSVHS-90r2016-12-08w2016-12-12yBK